Production risk, and farm technology adoption in rain-fed maize production in semi-arid lands of Kenya / (Record no. 44264)
[ view plain ]
| 000 -LEADER | |
|---|---|
| fixed length control field | 00815nam a22001937a 4500 |
| 008 - FIXED-LENGTH DATA ELEMENTS--GENERAL INFORMATION | |
| fixed length control field | 150218b xxu||||| |||| 00| 0 eng d |
| 020 ## - INTERNATIONAL STANDARD BOOK NUMBER | |
| International Standard Book Number | 9966777733 |
| 050 ## - LIBRARY OF CONGRESS CALL NUMBER | |
| Classification number | HD2126.5 |
| Item number | .O33 2010 |
| 100 ## - MAIN ENTRY--PERSONAL NAME | |
| Personal name | Ogada, Maurice Juma. |
| 245 ## - TITLE STATEMENT | |
| Title | Production risk, and farm technology adoption in rain-fed maize production in semi-arid lands of Kenya / |
| Statement of responsibility, etc | by Maurice Juma Ogada. |
| 260 ## - PUBLICATION, DISTRIBUTION, ETC. (IMPRINT) | |
| Place of publication, distribution, etc | Nairobi, Kenya : |
| Name of publisher, distributor, etc | Kenya Institute for Public Policy Research and Analysis, |
| Date of publication, distribution, etc | 2010. |
| 300 ## - PHYSICAL DESCRIPTION | |
| Extent | v, 30 p. ; |
| Dimensions | 25 cm |
| 440 ## - SERIES STATEMENT/ADDED ENTRY--TITLE | |
| Title | KIPPRA discussion paper ; |
| Volume number/sequential designation | no. 120 |
| 500 ## - GENERAL NOTE | |
| General note | Includes bibliographical references (p. 27-30). |
| 650 ## - SUBJECT ADDED ENTRY--TOPICAL TERM | |
| Topical term or geographic name as entry element | Agriculture |
| General subdivision | Economic aspects |
| Geographic subdivision | Ethiopia. |
| 650 ## - SUBJECT ADDED ENTRY--TOPICAL TERM | |
| Topical term or geographic name as entry element | Agriculture |
| General subdivision | Economic aspects. |
| 710 ## - ADDED ENTRY--CORPORATE NAME | |
| Corporate name or jurisdiction name as entry element | Kenya Institute for Public Policy Research and Analysis. |
| 942 ## - ADDED ENTRY ELEMENTS (KOHA) | |
| Source of classification or shelving scheme | Library of Congress Classification |
| Item type | Book |
| Withdrawn status | Lost status | Source of classification or shelving scheme | Damaged status | Not for loan | Collection code | Home library | Current library | Shelving location | Date acquired | Source of acquisition | Cost, normal purchase price | Total Checkouts | Full call number | Barcode | Copy number | Price effective from | Koha item type |
|---|---|---|---|---|---|---|---|---|---|---|---|---|---|---|---|---|---|
| Library of Congress Classification | Non-fiction | Bishop Okullu Memorial Library (Limuru Campus) | Bishop Okullu Memorial Library (Limuru Campus) | General Circulation | 18/02/2015 | Donation | 450.00 | HD2126.5 .O33 2010 | 042596 | 1 | 18/02/2015 | Book |